APEC Schools

Happier / (Record no. 8990)

000 -LEADER
fixed length control field nam a22 7a 4500
005 - DATE AND TIME OF LATEST TRANSACTION
control field 20200417064520.0
008 - FIXED-LENGTH DATA ELEMENTS--GENERAL INFORMATION
fixed length control field 200417b xxu||||| |||| 00| 0 eng d
020 ## - IDENTIFIER FOR THE MANIFESTATION
Identifier for the Manifestation 9780071492393
Binding hard bound
040 ## - CATALOGING SOURCE
Language of Cataloging eng
Transcribing Agency APEC Schools Library
Description Conventions rda
082 ## - DEWEY DECIMAL CLASSIFICATION NUMBER
Classification number C 158
Author's Number B456h 2017
100 ## - CREATOR
Preferred Name of the Person Ben-Shahar, Tal
245 ## - TITLE AND STATEMENT OF RESPONSIBILITY
Preferred Title Proper Happier /
Statement of Responsibility/Parallel Statement of Responsibility Tal Ben-Shahar
264 ## - PUBLICATION STATEMENT
Place of publication, distribution, etc New York :
Publisher's Name/Parallel Publisher's Name McGraw Hill,
Copyright ©2007.
300 ## - PHYSICAL DESCRIPTION
Extent 192 pages ;
336 ## - RDA CONTENT
Source rdacontent
Content Type text
337 ## - RDA MEDIA
Source rdamedia
Media Type unmediated
338 ## - RDA CARRIER
Source rdacarrier
Carrier Type volume
504 ## - BIBLIOGRAPHY, ETC. NOTE
Bibliography, etc Includes bibliographical references and index.
650 ## - ADDED SUBJECT ACCESS POINT - TOPICAL TERM
Topical Term Happiness.
942 ## - ADDED ENTRY ELEMENTS (KOHA)
Source of Classification
Koha Item Type Non Fiction
Holdings
Library Site Location Shelving Location Source of Acquisition Full Classification Number Accession Number Koha Item Type
APEC Bacoor Library APEC Bacoor Library Circulation Institutional Fund C 158 B456h 2017 B04-0000525 Non Fiction
APEC C. Raymundo Library APEC C. Raymundo Library Circulation Institutional Fund C 158 B456h 2017 A07-0000446 Non Fiction
APEC Calumpang Library APEC Calumpang Library Circulation Institutional Fund C 158 B456h 2017 B10-0000463 Non Fiction
APEC Dasmarinas Library APEC Dasmarinas Library Circulation Institutional Fund C 158 B456h 2017 B03-0000478 Non Fiction
APEC JRU Lipa Library APEC JRU Lipa Library Circulation Institutional Fund C 158 B456h 2017 B12-0000517 Non Fiction
APEC Marikina Heights Library APEC Marikina Heights Library Circulation Institutional Fund C 158 B456h 2017 A08-0000321 Non Fiction
APEC San Pablo, Laguna Library APEC San Pablo, Laguna Library Circulation Institutional Fund C 158 B456h 2017 D01-0000149 Non Fiction

Powered by Koha